| Tag |
First Indicator |
Second Indicator |
Subfields |
| LEADER |
00000cam a2200000 i 4500 |
| 001 |
in00000367913 |
| 005 |
20151011081516.0 |
| 008 |
770217s1976 caua b 00110 eng |
| 010 |
|
|
|a 76028117
|
| 020 |
|
|
|a 0874843790 :
|c $3.95
|
| 035 |
|
|
|a (OCoLC)02760825
|
| 035 |
|
|
|9 ABP9624AM
|
| 040 |
|
|
|a DLC
|c DLC
|d TXA
|d UtOrBLW
|
| 043 |
|
|
|a a-np---
|
| 049 |
|
|
|a TXAM
|c [1493832]
|
| 050 |
0 |
0 |
|a DS493.9.L5
|b J66
|
| 082 |
0 |
|
|a 301.41/2/095496
|
| 100 |
1 |
|
|a Jones, Rex L.
|
| 245 |
1 |
4 |
|a The Himalayan woman :
|b a study of Limbu women in marriage and divorce /
|c Rex L. Jones and Shirley Kurz Jones.
|
| 250 |
|
|
|a 1st ed.
|
| 264 |
|
1 |
|a Palo Alto, Calif. :
|b Mayfield Pub. Co.,
|c 1976.
|
| 300 |
|
|
|a xi, 155 pages :
|b illustrations ;
|c 22 cm.
|
| 336 |
|
|
|a text
|b txt
|2 rdacontent
|
| 337 |
|
|
|a unmediated
|b n
|2 rdamedia
|
| 338 |
|
|
|a volume
|b nc
|2 rdacarrier
|
| 490 |
1 |
|
|a Explorations in world ethnology
|
| 500 |
|
|
|a Includes index.
|
| 504 |
|
|
|a Bibliography: pages 147-150.
|
| 650 |
|
0 |
|a Women, Limbu.
|
| 650 |
|
0 |
|a Women
|z Nepal.
|
| 700 |
1 |
|
|a Jones, Shirley Kurz.
|
| 830 |
|
0 |
|a Explorations in world ethnology.
|
| 999 |
|
|
|a MARS
|
| 999 |
f |
f |
|s a9011ebd-3610-392d-90b7-a7402680ce8c
|i a4ce3587-31ab-370c-b3d0-30cdf7965efe
|t 0
|
| 952 |
f |
f |
|p ric
|a Texas A&M University
|b Rellis Campus
|c Joint Library Facility
|d Remote Storage
|t 0
|e DS493.9.L5 J66
|h Library of Congress classification
|i unmediated -- volume
|m A14802055244
|
| 998 |
f |
f |
|a DS493.9.L5 J66
|t 0
|l Remote Storage
|